| LEADER | 03565nam a2200457 u 4500 | ||
|---|---|---|---|
| 001 | 10045414 | ||
| 003 | upatras | ||
| 005 | 20210416094430.0 | ||
| 008 | 030128s1998 gr gre | ||
| 040 | |a GR-PaULI |c GR-PaULI | ||
| 041 | 0 | |a gre | |
| 060 | |a B67 | ||
| 100 | 1 | |a Ρακιτζής, Εμμανουήλ Τ. |9 36087 | |
| 245 | 1 | 0 | |a Μουσική και φιλοσοφία και άλλα δοκίμια |c Εμμανουήλ Ρακιτζή |
| 260 | |a Αθήνα |b [χ.ό.] |c 1998 | ||
| 300 | |a viii, 154 σ. |c 24 εκ. | ||
| 504 | |a Περιλαμβάνει βιβλιογραφία, ευρετήριο | ||
| 650 | 4 | |a Επιστήμη |9 65468 | |
| 852 | |a GR-PaULI |b ΠΑΤΡΑ |b ΙΑΤΡΙΚΗ |k ΑΣΧΕ-10 |h Q 181 ΡΑΚ |m 1524α |p 025000105625 |t 1 | ||
| 852 | |a GR-PaULI |b ΠΑΤΡΑ |b ΙΑΤΡΙΚΗ |k ΑΣΧΕ-10 |h Q 181 ΡΑΚ |m 1524β |p 025000105626 |t 2 | ||
| 852 | |a GR-PaULI |b ΠΑΤΡΑ |b ΙΑΤΡΙΚΗ |k ΑΣΧΕ-10 |h Q 181 ΡΑΚ |m 1524γ |p 025000105627 |t 3 | ||
| 852 | |a GR-PaULI |b ΠΑΤΡΑ |b ΙΑΤΡΙΚΗ |k ΑΣΧΕ-10 |h Q 181 ΡΑΚ |m 1524δ |p 025000105628 |t 4 | ||
| 852 | |a GR-PaULI |b ΠΑΤΡΑ |b ΙΑΤΡΙΚΗ |k ΑΣΧΕ-10 |h Q 181 ΡΑΚ |m 1524ε |p 025000105629 |t 5 | ||
| 852 | |a GR-PaULI |b ΠΑΤΡΑ |b ΙΑΤΡΙΚΗ |k ΑΣΧΕ-10 |h Q 181 ΡΑΚ |m 1524στ |p 025000105630 |t 6 | ||
| 852 | |a GR-PaULI |b ΠΑΤΡΑ |b ΙΑΤΡΙΚΗ |k ΑΣΧΕ-10 |h Q 181 ΡΑΚ |m 1524ζ |p 025000105631 |t 7 | ||
| 852 | |a GR-PaULI |b ΠΑΤΡΑ |b ΙΑΤΡΙΚΗ |k ΟΧΙΔ-10 |h Q 181 ΡΑΚ |m 1524η |p 025000105632 |t 8 | ||
| 852 | |a GR-PaULI |b ΠΑΤΡΑ |b ΙΑΤΡΙΚΗ |k ΟΧΙΔ-10 |h Q 181 ΡΑΚ |m 1524θ |p 025000105633 |t 9 | ||
| 852 | |a GR-PaULI |b ΠΑΤΡΑ |b ΙΑΤΡΙΚΗ |k ΟΧΙΔ-10 |h Q 181 ΡΑΚ |m 1524ι |p 025000105634 |t 10 | ||
| 942 | |2 ddc |c BK15 | ||
| 952 | |0 0 |1 0 |2 lcc |4 0 |7 0 |9 34914 |a MEDI |b MEDI |c DON |d 2016-04-24 |i 1524α |l 0 |o Β67 ΡΑΚ |p 025000105625 |r 2016-04-24 00:00:00 |t 1 |y BK15 |z Δωρεά Εμμ. Ρακιτζή | ||
| 952 | |0 0 |1 0 |2 lcc |4 0 |6 B0067 ΡΑΚ |7 0 |9 34915 |a MEDI |b MEDI |c DON |d 2016-04-24 |i 1524β |l 0 |o B67 ΡΑΚ |p 025000105626 |r 2016-04-24 00:00:00 |t 2 |y BK15 |z Δωρεά Εμμ. Ρακιτζή | ||
| 952 | |0 0 |1 0 |2 lcc |4 0 |6 B0067 ΡΑΚ |7 0 |9 34916 |a MEDI |b MEDI |d 2016-04-24 |i 1524γ |l 0 |o B67 ΡΑΚ |p 025000105627 |r 2016-04-24 00:00:00 |t 3 |y BK15 |z Δωρεά Εμμ. Ρακιτζή | ||
| 952 | |0 0 |1 0 |2 lcc |4 0 |6 B0067 ΡΑΚ |7 0 |9 34917 |a MEDI |b MEDI |d 2016-04-24 |i 1524δ |l 0 |o B67 ΡΑΚ |p 025000105628 |r 2016-04-24 00:00:00 |t 4 |y BK15 |z Δωρεά Εμμ. Ρακιτζή | ||
| 952 | |0 0 |1 0 |2 lcc |4 0 |6 B0067 ΡΑΚ |7 0 |9 34918 |a MEDI |b MEDI |d 2016-04-24 |i 1524ε |l 0 |o B67 ΡΑΚ |p 025000105629 |r 2016-04-24 00:00:00 |t 5 |y BK15 |z Δωρεά Εμμ. Ρακιτζή | ||
| 952 | |0 0 |1 0 |2 lcc |4 0 |6 B0067 ΡΑΚ |7 0 |9 34919 |a MEDI |b MEDI |d 2016-04-24 |i 1524στ |l 0 |o B67 ΡΑΚ |p 025000105630 |r 2016-04-24 00:00:00 |t 6 |y BK15 |z Δωρεά Εμμ. Ρακιτζή | ||
| 952 | |0 0 |1 0 |2 lcc |4 0 |6 B0067 ΡΑΚ |7 0 |9 34920 |a MEDI |b MEDI |d 2016-04-24 |i 1524ζ |l 0 |o B67 ΡΑΚ |p 025000105631 |r 2016-04-24 00:00:00 |t 7 |y BK15 |z Δωρεά Εμμ. Ρακιτζή | ||
| 952 | |0 0 |1 0 |2 lcc |4 0 |6 B0067 ΡΑΚ |7 0 |9 34921 |a MEDI |b MEDI |d 2016-04-24 |i 1524η |l 0 |o B67 ΡΑΚ |p 025000105632 |r 2016-04-24 00:00:00 |t 8 |y BKN |z Δωρεά Εμμ. Ρακιτζή | ||
| 952 | |0 0 |1 0 |2 lcc |4 0 |6 B0067 ΡΑΚ |7 0 |9 34922 |a MEDI |b MEDI |d 2016-04-24 |i 1524θ |l 0 |o B67 ΡΑΚ |p 025000105633 |r 2016-04-24 00:00:00 |t 9 |y BKN |z Δωρεά Εμμ. Ρακιτζή | ||
| 952 | |0 0 |1 0 |2 lcc |4 0 |6 B0067 ΡΑΚ |7 0 |9 34923 |a MEDI |b MEDI |d 2016-04-24 |i 1524ι |l 0 |o B67 ΡΑΚ |p 025000105634 |r 2016-04-24 00:00:00 |t 10 |y BKN |z Δωρεά Εμμ. Ρακιτζή | ||
| 998 | |c ΙΩΑΝΝΙΔΗ |d 2003-01 | ||
| 999 | |c 22275 |d 22275 | ||